MDQL
is popping MORE tags! Check the
thread
!
Quizzes
Events
Quiz Creation
Community
Videos
Private Events
Remove Ads
Sign In
Join for FREE
Feedback
Dark Mode
Quiz Categories
Sports
Geography
Music
Movies
Television
Just For Fun
Miscellaneous
History
Literature
Language
Science
Gaming
Entertainment
Religion
Holiday
For Kids
Quiz Lab
Recent
Popular Today
Quiz Kudos Today
Editor Picks
Curator Picks
Quizzes by...
Day
Popularity
Type
Ratings
Length
Year
Community
Subscriptions
Recent Discussions
Orange Saloon
Badges
Playlists
Quests
Create
Leaderboards
Showdown
Live 5
Trivia Bingo
Activity
Puzzle Library
Sporcle Events
Private Events
Virtual Trivia
Globe League
Become a Host
Pub Owners
SporcleCon
Opinionation
Our Games
Videos
Blog
Mobile Apps
Partnerships
Remove Ads and Go Orange
Feedback
Sports
Athletes
MLB
NBA
NHL
NFL
Soccer
Sports Teams
WWE
NCAA
Football
Premier League
Basketball
Baseball
Hockey
Golf
Tennis
Cricket
Rugby
Auto Racing
Olympics
World Cup
Sports
Athletes
MLB
NBA
NHL
NFL
Soccer
Sports Teams
WWE
NCAA
Football
Premier League
Basketball
Baseball
Hockey
Golf
Tennis
Cricket
Rugby
Auto Racing
Olympics
World Cup
Random Quiz
Search Sporcle
×
Quiz Lab
Quiz Lab
Sports
NFL
Type in answers that appear in a list
Type in answers that appear in a list
Classic
Best Score? Go Orange.
NFL Team Description Stats
Can you name the NFL Team Description?
By
mstanek28
7m
32 Questions
210 Plays
210 Plays
210 Plays
Comments
Comments
Give Quiz Kudos
Give Quiz Kudos
-
- Ratings
hide this ad
Forced Order
Answers have to be entered in order
Answers have to be entered in order
Replay
Link that replays current quiz
Next Quiz
Link to next quiz in quiz playlist
You Got
0%
They Got
Avg Score
84%
Avg Friend Score
Upgrade to see
Score Distribution
Jump to the score distribution portion of the page
Score
0/32
Timer
07:00
0
Plays Today
Description
Team
% Correct
Known recently for ruining the Patriots perfect season
Giants
92.4%
America's team, pretty boy QB goes down with broken collarbone
Cowboys
91.9%
After an embarrassing 0-
16 season in 2008, they are slowly improving
Lions
91%
2010 Superbowl champs
Saints
91%
Dogfighting is associated with this team thanks to a certain QB
Falcons
91%
Their QB is the son of Archie, and makes any WR look like a pro bowler
Colts
90.5%
This team finds themselves in last place in the NFC West
49ers
89.5%
Famous for bringing back the wildcat
Dolphins
89.5%
2010 #1 overall pick has turned this team around
Rams
89.5%
Last year's RB had over 2000 rushing yards
Titans
89%
Al Davis controls this team
Raiders
88.6%
Former USC coach takes a shot with this NFL team
Seahawks
88.1%
Consistently one of the best defenses in the 2000's. Hall of fame MLB
Ravens
86.7%
One of the best College Quarterbacks ever is waiting to take over
Broncos
84.8%
Looking for their first postseason appearance
Texans
84.3%
Their stadium is named after a condiment
Steelers
83.8%
Description
Team
% Correct
Rookie RB trying to replace one of the best of all time
Chargers
83.3%
After a QB's retirement, and the release of the QB from USC, they are stuck with a rookie QB
Cardinals
83.3%
One of the smartest coaches and quarterbacks in the NFL. They always find a way to win
Patriots
82.9%
Only team to be community owned
Packers
82.4%
Opposing WR's visit an island when they play this team
Jets
82.4%
Controversy in the offseason for trading their face of the franchise to a division rival
Eagles
81.9%
This teams CB picked off Jay Cutler 4 times to tie the NFL record for most interceptions in one game
Redskins
81.9%
One of the surprises of the 2010 season, coaching staff consists of two Belichicks former coordinators
Chiefs
81%
Known for giving convicts a second chance
Bengals
80.5%
Their RB's nickname is a popular car
Buccaneers
80%
NFC team who loves to throw the ball under Mike Martz
Bears
79.5%
Due to injuries, rookie QB is under center. Also have one of the best returners in the game
Browns
79%
Constant control battles between QB and Head coach
Vikings
77.6%
Rookie RB is electrifying, but hasn't been given a chance
Bills
75.2%
5 foot 7 running back who is remembered for popping Shawn Merriman
Jaguars
74.8%
One of the strongest running games, but not having a reliable QB hurts them
Panthers
72.4%
Quiz Playlist
Details
Report
Send in Message
Add To Playlist
Classic:
Type in answers that appear in a list
Forced Order:
Answers have to be entered in order
Last Updated: Feb 16, 2017
Quiz Scoreboard
CHALLENGE
Sign Up to Join the Scoreboard
Show All
Scores
Hide
Comments
May contain spoilers
Recently Published
1-10 Letter E Words III
by El_Dandy
Language
2m
Street Fighter Characters
by Artimus82
Gaming
60s
College Basketball Coaching Resumes
by pancakes188
Sports
9m
More to Explore
Quiz From the Vault
Featured Blog Post
Where Did the Easter Bunny Come From?
hide this ad
You Might Also Like...
Tags
NFL Quiz
description
team
Today's Top Quizzes in Sports
Browse Sports
hide this ad
Today's Top Quizzes in NFL
Browse NFL
Top Contributed Quizzes in Sports
1
2022 World Cup Stars
2
Les meilleurs buteurs des matchs entre le PSG et l’OM
3
FIFA Club World Cup Champions
4
Les entraîneurs de l'OM et du PSG au 21e siècle
5
Criteria MLB: Left Handed Sluggers
6
2023 MLB Unique Player Accomplishments
7
AFC Teams Reveal (Wrong Answers Minefield)
8
Players with Multiple 50 Home Run Seasons
9
5-to-1: FBS Animal Nicknames
10
5-to-1: UK Sports Teams
Explore More
Trending Topics
NBA
Marvel
Crossword
Anime
Kpop
Harry Potter
Disney
The Office
NFL
Puzzle
Country
Soccer
Pokémon
Song
WWE
hide this ad
More By:
mstanek28
Quiz
Plays
Rating
Category
Featured
Created
Boy Meets World Millionaire edition
25,383
4.05
Television
Nov 5, 2010
Alltime NBA 30 points, 30 rebound games
4,308
4.36
Sports
Nov 13, 2010
Current Pitchers with at least 100 Wins
2,777
3.91
Sports
Apr 5, 2010
Current MLB Players with 2000 hits
1,914
3.46
Sports
Apr 4, 2010
Athletes Real Names By Their Nicknames
1,379
2.38
Sports
Apr 13, 2010
Go to Creator's Profile
Score Distribution
Quiz Creator Spotlight
mstanek28
Follow
Send a Message
Quizzes Created
-
Created Quiz Play Count
-
More By This Creator
Popular Quizzes Today
1
Find the US States - No Outlines Minefield
2
Find the Countries of Europe - No Outlines Minefield
3
Find the US States
4
The Countries of the World
5
Risky Map Clicking: Biggest States A-Z
6
US States
7
Popular People in 1961
8
Movies - When Are They Set?
More Sports Quizzes
Cristiano Ronaldo's Portugal Hat-trick XI's
Quiz Lab
Trending Quizzes
Risky Map Clicking: Least Populous States A-Z
1-10 Letter G Words
Countries of the World: 200 Million BC
1-10 Letter F Words
Risky Map Clicking: Next State Alphabetically
Recently Updated
Largest US Cities 1790-2010
pecheneg
Rides in Walt Disney World
pecheneg
Most Oscar Losses (Acting)
pecheneg
Beyoncé Albums
pecheneg
Leaping Animals
pecheneg
Reality TV Shows (A-Z)
bhenderson79
Rickey Henderson's Hall of Fame Teammates
pecheneg
Champions League XIs: Arsenal
pecheneg
Quick Pick: Celebrities in WWE's Hall of Fame
aduchscher
A-Z Keypad Blitz II
pecheneg
Trending Topics
Harry Potter
Crossword
NBA
Kpop
Anime
Marvel
Disney
Pokémon
Puzzle
NFL
The Office
Soccer
Song
WWE
Country
Your Account Isn't Verified!
In order to create a playlist on Sporcle, you need to verify the email address you used during registration. Go to your
Sporcle Settings
to finish the process.
Report this User
Report this user for behavior that violates our
Community Guidelines
.
Details:
Send Report
Go to the Sporcle.com Mobile Site →
Comments